| 000 | 00646nam a2200181Ia 4500 | ||
|---|---|---|---|
| 008 | 100921s9999 xx 000 0 und d | ||
| 082 |
_b20693 _a891.467 थ 87 |
||
| 100 | _aमंत्री रमेश. | ||
| 245 | _aधूळफेक. | ||
| 260 |
_bमेनका प्रकाशन,पुणे. _c1987 |
||
| 300 |
_a180 _bभावे पुस्तक भांडार,पुणे |
||
| 365 | _b45 | ||
| 520 | _aललित-विनोदी साहित्य. | ||
| 630 | _aधूळफेक. | ||
| 650 | _aललित-विनोदी साहित्य. | ||
| 730 | _aधूळफेक. | ||
| 942 | _cBOOK | ||
| 999 |
_c769806 _d769803 |
||